000 00459nam a2200145Ia 4500
008 231129s1990||||xx |||||||||||||| ||spa||
020 _a958-9004-08-3
040 _bspa
082 _a929.3861 C316L
100 _aCarrizosa Argaez Enrique
245 0 _aLinajes y Bibliografias de los gobernantes de nuestra nacion 1830-1990
260 _c1990
264 _aInstituto Colombiano de Cultura Hispanica
942 _2ddc
_cBKS
999 _c19301
_d19301